Effect of protein and phosphate restricted and calcium and alphacalcidol supplemented diet on renal and parathyroid func (Record no. 87061)

MARC details
000 -LEADER
fixed length control field 00397nam a2200133Ia 4500
008 - FIXED-LENGTH DATA ELEMENTS--GENERAL INFORMATION
fixed length control field 230917s9999||||xx |||||||||||||| ||und||
040 ## - CATALOGING SOURCE
-- 89871
Original cataloging agency VIVEKANANDA LIBRARY
041 ## - Language
-- English
082 ## - DDC NUMBER
Classification number 610 B469E
100 ## - MAIN ENTRY--PERSONAL NAME
Personal name Bhardwaj, Anupam
245 #0 - TITLE STATEMENT
Title Effect of protein and phosphate restricted and calcium and alphacalcidol supplemented diet on renal and parathyroid func
300 ## - PHYSICAL DESCRIPTION
Pages 97 p.
942 ## - ADDED ENTRY ELEMENTS (KOHA)
Koha item type Thesis
Holdings
Withdrawn status Lost status Damaged status Not for loan Location (home branch) Sublocation or collection (holding branch) Date acquired Koha issues (times borrowed) Koha full call number Accession No. Koha date last seen Koha item type
        VIVEKANANDA LIBRARY VIVEKANANDA LIBRARY 01/05/2003   610 B469E 166537 17/09/2023 Thesis
© Designed and Maintained by Vivekananda Library, MDU Rohtak